• 首页
  • 本馆介绍
  • 公告通知
  • 最新文献
  • 馆藏检索
  • 电子资源
  • 读者导购
  • 参考咨询
  • 我的图书馆
  • 登录
  • 详细信息显示
  • 放入我的书架
  • 预约/预借图书
  • 作者相关作品
  • 分类相关作品
  • 丛书相关作品
  • 出版社相关作品

书目信息

  • 表格格式
  • 工作单格式
  • 卡片格式
题名:
北京旅游产业区域特色研究
    
 
作者: 北京市旅游局 编著
分册:  
出版信息: 北京   中国旅游出版社  2009.06
页数: 269页
开本: 23cm
丛书名:
单 册:
中图分类: F592.71
科图分类:
主题词: 旅游经济
电子资源:
ISBN: 978-7-5032-3790-4
000 00614nam0 2200193 450
001 1130875239
005 20110901083633.79
010    @a978-7-5032-3790-4@dCNY26.00
100    @a20110901d2009 km y0chiy0120 ea
101 0  @achi
102    @aCN@b110000
200 1  @a北京旅游产业区域特色研究@Abei jing lu you chan ye qu yu te se yan jiu@f北京市旅游局编著@Fbei jing shi lu you ju bian zhu
210    @a北京@c中国旅游出版社@d2009.06
215    @a269页@d23cm
606 0  @a旅游经济
690    @aF592.71@v5
701  0 @a北京市旅游局@Abei jing shi lu you ju@4编著
801  0 @aCN@bNISOFT@c20110901
905    @aBZT@dF592.71@e2
    
    北京旅游产业区域特色研究/北京市旅游局编著.-北京:中国旅游出版社,2009.06
    269页;23cm
    
    
    ISBN 978-7-5032-3790-4:CNY26.00
    
●
相关链接 在五车中查询图书 在当当中查询图书 在豆瓣中查询图书


正题名:北京旅游产业区域特色研究     索取号:F592.71/2         预约/预借

序号 登录号 条形码 馆藏地/架位号 状态 备注
1 792547   2000792547   样本书库/样008架A面1层1列/ [索取号:F592.71/2] 在馆    
2 792548   2000792548   中心书库北库/ 北库018架B面1列6层40/ [索取号:F592.71/2] 在馆    
3 792549   2000792549   中心书库北库/ 北库018架B面1列6层39/ [索取号:F592.71/2] 在馆    
4 792550   2000792550   中心书库北库/ 北库018架B面1列6层38/ [索取号:F592.71/2] 在馆    
5 792551   2000792551   中心书库北库/ 北库018架B面1列6层37/ [索取号:F592.71/2] 在馆    
6 792552   2000792552   中心书库北库/ 北库018架B面1列6层36/ [索取号:F592.71/2] 在馆    
山东省滨州职业学院图书馆 欢迎您!
大连网信软件有限公司© 版权所有